| 000 | 01220cad a22002055a 4500 | ||
|---|---|---|---|
| 001 | L156534 | ||
| 008 | 120606s2012 xxk 000 0 eng d | ||
| 035 | _a(Sirsi) u156534 | ||
| 041 | 0 | _aeng | |
| 110 | 2 | _aCBRE | |
| 245 | 0 | 0 |
_aScottish property quarterly marketview _h[electronic resource] |
| 260 |
_aGlasgow _bCBRE _c2012 |
||
| 490 | 0 |
_aCBRE Scottish Property Quarterly Marketview _vQ1 2012 |
|
| 520 | _aFor the third consecutive quarter annual total returns for every sector in Scotland underperformed the UK as a whole with Scottish offices remaining the weakest sector relative to the UK on both an annual and quarterly basis. The continued strength of the Central London office market is the cause of the pronounced current disparity. The best performing sector relative to the UK in Q1 2012 was retail warehouses. All property quarterly total returns in Scotland fell in Q1 2012 to 0.1% from 0.5% in the previous quarter. Rental and capital values fell for a fourth consecutive quarter. | ||
| 590 | _aKA | ||
| 651 | 4 |
_aScotland _y1999- |
|
| 690 |
_aCommercial property _96227 |
||
| 856 | 4 | 0 |
_uhttps://www.cbre.eu/portal/pls/portal/res_rep.show_report?report_id=1837 _zView the report at www.cbre.eu |
| 942 | _n0 | ||
| 999 |
_c84060 _d84060 |
||